Anagrama - Países - Statistics

Estatísticas Gerais
  • Esse quiz foi jogado 431 vezes
    331 desde o último reset
  • A pontuação média é 14 de 20
Estatísticas das Respostas
Country % Correto
Cuba
100%
Fiji
100%
Gana
100%
Irã
100%
Japão
100%
Omã
100%
Sudão
100%
Tuvalu
96%
Djibouti
94%
Finlândia
94%
França
94%
Gabão
94%
Togo
94%
Malta
92%
Paquistão
92%
Tajiquistão
92%
Uruguai
92%
Chade
90%
Kosovo
90%
Suíça
90%
Cazaquistão
89%
Índia
89%
Butão
88%
Canadá
88%
Luxemburgo
88%
Chipre
87%
Peru
87%
Quenia
87%
Itália
86%
Líbia
86%
Mali
86%
Mongólia
86%
Seychelles
86%
Azerbaijão
85%
Jamaica
84%
Laos
84%
Bolívia
83%
China
83%
Moçambique
83%
Rússia
83%
Angola
82%
Qatar
82%
Tanzânia
82%
Panamá
81%
Uganda
81%
Uzbequistão
81%
Afeganistão
80%
Filipinas
80%
Burundi
79%
Samoa
79%
Zimbabue
79%
Egito
78%
Hungria
78%
Eslováquia
77%
Grécia
77%
Islândia
77%
Liechtenstein
77%
Mônaco
77%
Níger
77%
Espanha
76%
Jordânia
76%
Malawi
76%
Quirguistão
76%
Argélia
75%
Chile
75%
Geórgia
75%
Namíbia
75%
Nepal
75%
Taiwan
74%
Vanuatu
74%
Haiti
73%
Iraque
73%
Lituânia
73%
Marrocos
73%
Venezuela
73%
Zâmbia
73%
Madagascar
71%
Granada
70%
Líbano
70%
México
70%
Belize
69%
Gambia
69%
Holanda
69%
Iêmen
69%
Maldivas
69%
Palau
69%
Polônia
69%
Tonga
69%
Vietnam
69%
Somália
68%
Suécia
68%
Tailândia
68%
Alemanha
67%
Eslovênia
67%
Malásia
67%
Paraguai
67%
Sérvia
67%
Kiribati
65%
Montenegro
65%
Armênia
64%
Lesoto
64%
Turquia
64%
Bangladesh
63%
Camboja
63%
Guiné
63%
Turcomenistão
63%
Bahrein
62%
Camarões
61%
Portugal
61%
Albânia
60%
Benin
60%
Guiana
60%
Guiné-Bissau
60%
Singapura
60%
Bélgica
59%
Nicarágua
59%
Nigéria
59%
Letônia
58%
Kuwait
57%
Andorra
56%
Libéria
56%
Israel
55%
Brunei
54%
Eritreia
54%
Etiópia
54%
Nauru
54%
Argentina
53%
Bielorrússia
53%
Colômbia
53%
Croácia
53%
Mauritânia
53%
Senegal
53%
Guatemala
52%
Austrália
50%
Brasil
50%
Mianmar
50%
Ruanda
50%
Equador
48%
Comores
47%
Ucrânia
47%
Bulgária
46%
Botsuana
45%
Dinamarca
45%
Estônia
44%
Tunísia
43%
Áustria
42%
Bahamas
41%
Irlanda
40%
Romênia
40%
Honduras
38%
Noruega
38%
Barbados
35%
Moldova
35%
Mauricio
32%
Suriname
30%
Dominica
29%
Indonésia
27%
Séria
24%
Nenhum quiz correspondente encontrado
Distribuição das Pontuações
Porcentagem de Pessoas com Cada Pontuação
Percentil de Números Respondidos
Sua Pontuação Histórica
Você não jogou esse quiz desde o último reset